| 000 | 00940nam a2200313 u 4500 | ||
|---|---|---|---|
| 001 | 000020289 | ||
| 003 | DO-SdBNP | ||
| 005 | 20240619105123.0 | ||
| 007 | 000020289 | ||
| 008 | 100804s2011 cl a r 000 0 spa d | ||
| 020 | _a 9586773701 | ||
| 040 |
_aBPMSU _bspa _cBPMSU |
||
| 082 |
_a808.831 _bT796c 2011 _222 |
||
| 245 | 0 | 0 |
_a365 Cuentos : _b y muchos más para cada día |
| 246 | 1 | 2 | _aTrescientos sesenta y cinco cuentos y mucho más para cada día |
| 260 |
_aColombia , : _bZamora, _c2011 |
||
| 300 |
_a(En varias paginaciones). _bils. ; _c29 cm. |
||
| 590 | _6Inventariado, 2024/VM | ||
| 650 | 4 |
_aCuentos infantiles _vColecciones |
|
| 650 | 4 | _aLiteratura infantil | |
| 700 |
_a _e |
||
| 710 | 2 | _aZamora Editores Ltda (Colombia) | |
| 910 | _aVMateo V. Control de calidad. BPMSU | ||
| 942 |
_2ddc _cBK |
||
| 956 |
_a _b _c _l _h |
||
| 956 |
_a _b _c _l _h |
||
| 956 |
_a _b _c _l _h |
||
| 956 |
_a _b _c _l _h |
||
| 999 |
_c14527 _d14527 |
||